| 000 | 00800cam a22002295a 4500 | ||
|---|---|---|---|
| 001 | 16645288 | ||
| 005 | 20130131134101.0 | ||
| 008 | 110209s2010 xx 000 0 eng | ||
| 020 | _a158906948X | ||
| 020 | _a9781589069480 | ||
| 082 |
_222 _a332.042 _bGLO |
||
| 245 | 0 | 0 |
_aGlobal Financial Stability Report, October 2010 : _bSovereigns, Funding, and Systemic Liquidity. |
| 260 |
_aWashington, DC : _bInternational Monetary Fund, _c2010. |
||
| 300 |
_axiii, 132 p. : _c28 cm. _bcol. ill. ; |
||
| 504 | _aIncludes bibliographical references. | ||
| 650 |
_aCapital market _zDeveloping countries. _932191 |
||
| 650 |
_aInternational finance. _932192 |
||
| 650 |
_aEconomic stabilization. _932193 |
||
| 653 |
_bEco _cJanuary2013 |
||
| 710 |
_aInternational Monetary Fund. _932194 |
||
| 942 |
_2ddc _cBB |
||
| 999 |
_c17183 _d17155 |
||